La caverna del embrujo : (Registro nro. 4399)

Detalles MARC
000 -LEADER
fixed length control field 00572nam a2200193Ia 4500
003 - CONTROL NUMBER IDENTIFIER
control field OSt
005 - DATE AND TIME OF LATEST TRANSACTION
control field 20250612112125.0
008 - FIXED-LENGTH DATA ELEMENTS--GENERAL INFORMATION
fixed length control field 191128s2013 ck er 000 f spa d
040 ## - CATALOGING SOURCE
Original cataloging agency CO-JMCR
Transcribing agency CO-JMCR
041 ## - LANGUAGE CODE
Language code of text/sound track or separate title spa
082 04 - DEWEY DECIMAL CLASSIFICATION NUMBER
Classification number J-N
Item number SILc
100 1# - MAIN ENTRY--PERSONAL NAME
Personal name Silva Mojica, Antonio,
Relator term autor
9 (RLIN) 8218
245 13 - TITLE STATEMENT
Title La caverna del embrujo :
Remainder of title sin escenas de sexo ni violencia /
Statement of responsibility, etc. Antonio Silva Mojica
260 ## - PUBLICATION, DISTRIBUTION, ETC.
Place of publication, distribution, etc. Bogotá :
Name of publisher, distributor, etc. Géminis,
Date of publication, distribution, etc. 2013
300 ## - PHYSICAL DESCRIPTION
Extent 92 páginas ;
Dimensions 22 cm.
500 ## - GENERAL NOTE
General note Novela juvenil y ecológica
650 14 - SUBJECT ADDED ENTRY--TOPICAL TERM
Topical term or geographic name entry element Novela juvenil
9 (RLIN) 8219
942 ## - ADDED ENTRY ELEMENTS (KOHA)
Source of classification or shelving scheme Dewey Decimal Classification
Koha item type Books
Existencias
Withdrawn status Lost status Source of classification or shelving scheme Damaged status Not for loan Collection code Home library Current library Date acquired Source of acquisition Total Checkouts Full call number Barcode Date last seen Date last checked out Copy number Koha item type
    Dewey Decimal Classification     Fiction Biblioteca Pública José María del Castillo y Rada Biblioteca Pública José María del Castillo y Rada 11/28/2019 Donación 3 J-N SILc 201809257 02/05/2020 02/05/2020 Ej.1 Books